[Event "4. Torneo ITT Norma GM Espacio ENDESA 2"]
[Site "Santiago de Chile CHI"]
[Date "2008.10.29"]
[Round "7.5"]
[White "Llorens Sepulveda, Marcelo"]
[Black "Felgaer, Ruben"]
[Result "0-1"]
[WhiteElo "2353"]
[BlackElo "2591"]
[PlyCount "36"]
[EventDate "2008.10.23"]
[EventRounds "9"]
[EventCountry "CHI"]
[Source "lmi"]
[SourceDate "2008.10.23"]

1. e4 c5 2. Nf3 Nc6 3. Bb5 e6 4. Bxc6 bxc6 5. d3 Ne7 6. e5 Ng6 7. h4 Qc7 8. Qe2
f6 9. exf6 gxf6 10. h5 Ne7 11. b3 Rg8 12. g3 e5 13. Nc3 d5 14. Na4 Bg4 15. c3
Nf5 16. Bd2 Rb8 17. Be3 c4 18. bxc4 Qa5 0-1

[Event "4. Torneo ITT Norma GM Espacio ENDESA 2"]
[Site "Santiago de Chile CHI"]
[Date "2008.10.30"]
[Round "8.1"]
[White "Valenzuela Fuentealba, Luis"]
[Black "Felgaer, Ruben"]
[Result "1/2-1/2"]
[WhiteElo "2434"]
[BlackElo "2591"]
[PlyCount "64"]
[EventDate "2008.10.23"]
[EventRounds "9"]
[EventCountry "CHI"]
[Source "lmi"]
[SourceDate "2008.10.23"]

1. d4 d5 2. Nf3 Nf6 3. c4 c6 4. Nc3 dxc4 5. a4 Bf5 6. e3 e6 7. Bxc4 Bb4 8. O-O
O-O 9. Nh4 Nbd7 10. Nxf5 exf5 11. Qc2 Nb6 12. Ba2 Qd7 13. f3 Rfe8 14. Qf2 Rad8
15. Kh1 Nbd5 16. Bd2 c5 17. Nxd5 Nxd5 18. e4 fxe4 19. fxe4 Rxe4 20. Bg5 f6 21.
dxc5 fxg5 22. Rad1 Rf4 23. Qe2 Kf8 24. Rxd5 Re8 25. Qd3 Qf7 26. Rf5 Qxf5 27.
Qxf5+ Rxf5 28. Rxf5+ Ke7 29. Re5+ Kd8 30. Rxe8+ Kxe8 31. Bd5 Bxc5 32. Bxb7 a5
1/2-1/2

[Event "4. Torneo ITT Norma GM Espacio ENDESA 2"]
[Site "Santiago de Chile CHI"]
[Date "2008.10.30"]
[Round "8.2"]
[White "Vasquez Schroder, Rodrigo"]
[Black "Llorens Sepulveda, Marcelo"]
[Result "1-0"]
[WhiteElo "2522"]
[BlackElo "2353"]
[PlyCount "99"]
[EventDate "2008.10.23"]
[EventRounds "9"]
[EventCountry "CHI"]
[Source "lmi"]
[SourceDate "2008.10.23"]

1. d4 Nf6 2. Nf3 c5 3. d5 g6 4. c4 b5 5. cxb5 a6 6. bxa6 Bxa6 7. Nc3 Bg7 8. g3
O-O 9. Bg2 d6 10. O-O Nbd7 11. Qc2 Qa5 12. Bd2 Rfb8 13. b3 Qc7 14. Rab1 Qa7 15.
Rfd1 Ng4 16. h3 Nge5 17. Nxe5 Nxe5 18. Kh2 c4 19. Be3 cxb3 20. axb3 Qc7 21. Bd4
Rc8 22. Rbc1 Nd7 23. Bxg7 Kxg7 24. Qb2 Kg8 25. Nb5 Qb6 26. Nd4 Rxc1 27. Rxc1
Bb7 28. b4 Nc5 29. Qc3 Na6 30. Nc6 Bxc6 31. Qxc6 Rb8 32. Qxb6 Rxb6 33. Rc6 Rxc6
34. dxc6 Nc7 35. e4 Kf8 36. Bf1 Ke8 37. b5 Na8 38. Bc4 e6 39. Kg2 Kd8 40. f4
Nb6 41. Bb3 Kc7 42. Kf3 Nc8 43. Ke3 Kb6 44. Bc4 Kc5 45. Bd3 Nb6 46. g4 e5 47.
g5 Nc8 48. Be2 Nb6 49. c7 Nc8 50. Bg4 1-0

[Event "4. Torneo ITT Norma GM Espacio ENDESA 2"]
[Site "Santiago de Chile CHI"]
[Date "2008.10.30"]
[Round "8.3"]
[White "Ricardi, Pablo"]
[Black "Michel Yunis, Christian David"]
[Result "1-0"]
[WhiteElo "2505"]
[BlackElo "2368"]
[PlyCount "41"]
[EventDate "2008.10.23"]
[EventRounds "9"]
[EventCountry "CHI"]
[Source "lmi"]
[SourceDate "2008.10.23"]

1. e4 c5 2. Nf3 e6 3. d4 cxd4 4. Nxd4 Nf6 5. Nc3 d6 6. Be3 Be7 7. Qe2 a6 8.
O-O-O Qc7 9. g4 b5 10. g5 Nfd7 11. Nf5 exf5 12. Nd5 Qd8 13. exf5 Bb7 14. Bg2
Nc6 15. f6 Rb8 16. fxg7 Rg8 17. Bb6 Qxb6 18. Nxb6 Nxb6 19. Rxd6 Nd8 20. Rxb6
Bxg2 21. Re1 1-0

[Event "4. Torneo ITT Norma GM Espacio ENDESA 2"]
[Site "Santiago de Chile CHI"]
[Date "2008.10.30"]
[Round "8.4"]
[White "Valdes Escobar, Alvaro Daniel"]
[Black "Valiente, Cristobal"]
[Result "1/2-1/2"]
[WhiteElo "2354"]
[BlackElo "2254"]
[PlyCount "30"]
[EventDate "2008.10.23"]
[EventRounds "9"]
[EventCountry "CHI"]
[Source "lmi"]
[SourceDate "2008.10.23"]

1. e4 d6 2. d4 g6 3. c4 Bg7 4. Nc3 Nd7 5. Be3 Ngf6 6. f3 c5 7. Qd2 a6 8. Nge2
O-O 9. Nc1 cxd4 10. Bxd4 Ne5 11. Be2 Be6 12. b3 Rc8 13. Nd3 Nc6 14. Be3 b5 15.
cxb5 axb5 1/2-1/2

[Event "4. Torneo ITT Norma GM Espacio ENDESA 2"]
[Site "Santiago de Chile CHI"]
[Date "2008.10.31"]
[Round "9.2"]
[White "Valiente, Cristobal"]
[Black "Alonso, Salvador"]
[Result "0-1"]
[WhiteElo "2254"]
[BlackElo "2446"]
[PlyCount "72"]
[EventDate "2008.10.23"]
[EventRounds "9"]
[EventCountry "CHI"]
[Source "lmi"]
[SourceDate "2008.10.23"]

1. e4 c5 2. Nf3 Nc6 3. Bb5 e6 4. O-O Nge7 5. c3 a6 6. Ba4 b5 7. Bc2 c4 8. b3
Ng6 9. d3 cxd3 10. Qxd3 Be7 11. Be3 O-O 12. Nbd2 Qc7 13. h3 Bb7 14. g3 Rac8 15.
Rac1 Ba3 16. Rcd1 Nce5 17. Nxe5 Nxe5 18. Qd4 Bb2 19. Qa7 Bxc3 20. f4 Nc6 21.
Qc5 Bb4 22. Qh5 Ne7 23. Bb1 f5 24. Nf3 fxe4 25. Ng5 h6 26. Nxe4 Nf5 27. Rc1 Qb8
28. Bf2 d5 29. Nc5 Nxg3 30. Bxg3 Bxc5+ 31. Kh2 Bd6 32. Qg4 Rxc1 33. Qxe6+ Kh8
34. Rxc1 Bxf4 35. Qg6 Bxg3+ 36. Kg1 Bh2+ 0-1

[Event "4. Torneo ITT Norma GM Espacio ENDESA 2"]
[Site "Santiago de Chile CHI"]
[Date "2008.10.31"]
[Round "9.3"]
[White "Michel Yunis, Christian David"]
[Black "Valdes Escobar, Alvaro Daniel"]
[Result "1-0"]
[WhiteElo "2368"]
[BlackElo "2354"]
[PlyCount "79"]
[EventDate "2008.10.23"]
[EventRounds "9"]
[EventCountry "CHI"]
[Source "lmi"]
[SourceDate "2008.10.23"]

1. d4 Nf6 2. c4 e6 3. Nf3 b6 4. a3 Ba6 5. Qc2 Bb7 6. Nc3 c5 7. e4 cxd4 8. Nxd4
d6 9. Be2 Be7 10. O-O a6 11. Rd1 Nbd7 12. f3 O-O 13. Be3 Rc8 14. Qd2 Qc7 15.
Bf1 Qb8 16. Na4 Bd8 17. g3 Bc7 18. Rac1 Ne5 19. b4 Ba8 20. Qf2 Rcd8 21. Be2
Rfe8 22. Nb3 Ned7 23. Nc3 Ne5 24. b5 a5 25. Nxa5 d5 26. Nb3 dxe4 27. fxe4 Nxe4
28. Nxe4 Bxe4 29. Rxd8 Rxd8 30. c5 Qa8 31. cxb6 Bd6 32. Nc5 Bxc5 33. Bxc5 Nd3
34. Bxd3 Rxd3 35. h3 h5 36. Kh2 Qd5 37. Be3 Qxb5 38. Re1 Qd5 39. Bc1 Rd1 40. b7
1-0

[Event "4. Torneo ITT Norma GM Espacio ENDESA 2"]
[Site "Santiago de Chile CHI"]
[Date "2008.10.31"]
[Round "9.4"]
[White "Llorens Sepulveda, Marcelo"]
[Black "Ricardi, Pablo"]
[Result "1-0"]
[WhiteElo "2353"]
[BlackElo "2505"]
[PlyCount "77"]
[EventDate "2008.10.23"]
[EventRounds "9"]
[EventCountry "CHI"]
[Source "lmi"]
[SourceDate "2008.10.23"]

1. e4 c5 2. Nf3 e6 3. d4 cxd4 4. Nxd4 Nf6 5. Nc3 Nc6 6. Ndb5 d6 7. Bf4 e5 8.
Bg5 a6 9. Na3 b5 10. Bxf6 Qxf6 11. Nd5 Qd8 12. Bxb5 axb5 13. Nxb5 Ra7 14. Nxa7
Qa5+ 15. c3 Qxa7 16. O-O Be7 17. a4 O-O 18. b4 Bh4 19. Qd3 Be6 20. a5 Ne7 21.
b5 Qc5 22. g3 Bg5 23. h4 Bxh4 24. gxh4 Bxd5 25. exd5 Nxd5 26. b6 Nf4 27. Qf3 d5
28. Rfe1 Qd6 29. b7 Qa6 30. Rab1 Rb8 31. Kh2 Qf6 32. Qg4 h6 33. Rb6 Ne6 34. Qg3
Qd8 35. Rxe5 Kh7 36. Kg2 Nc5 37. Qf3 Qc7 38. Qxd5 Nd7 39. Re7 1-0

[Event "4. Torneo ITT Norma GM Espacio ENDESA 2"]
[Site "Santiago de Chile CHI"]
[Date "2008.10.31"]
[Round "9.5"]
[White "Felgaer, Ruben"]
[Black "Vasquez Schroder, Rodrigo"]
[Result "1/2-1/2"]
[WhiteElo "2591"]
[BlackElo "2522"]
[PlyCount "20"]
[EventDate "2008.10.23"]
[EventRounds "9"]
[EventCountry "CHI"]
[Source "lmi"]
[SourceDate "2008.10.23"]

1. e4 e6 2. d4 d5 3. exd5 exd5 4. Bd3 Nc6 5. c3 Bd6 6. Ne2 Qh4 7. g3 Qe7 8. Qb3
Nf6 9. Bg5 O-O 10. O-O Bg4 1/2-1/2